A study of pupil achievement and special class needs in Westbury, L.I., (Record no. 20810)
[ view plain ]
| 000 -LEADER | |
|---|---|
| fixed length control field | 01015cam a22002531 4500 |
| 001 - CONTROL NUMBER | |
| control field | e 26000123 |
| 003 - CONTROL NUMBER IDENTIFIER | |
| control field | DLC |
| 005 - DATE AND TIME OF LATEST TRANSACTION | |
| control field | 20260227111217.0 |
| 008 - FIXED-LENGTH DATA ELEMENTS--GENERAL INFORMATION | |
| fixed length control field | 800114s1926 nyua s000 0 eng c |
| 010 ## - LIBRARY OF CONGRESS CONTROL NUMBER | |
| LC control number | e 26000123 |
| 035 ## - SYSTEM CONTROL NUMBER | |
| System control number | (OCoLC)5870659 |
| 040 ## - CATALOGING SOURCE | |
| Original cataloging agency | U.S. Dept. of Education. Library |
| Transcribing agency | NGenoU |
| Modifying agency | DLC |
| 043 ## - GEOGRAPHIC AREA CODE | |
| Geographic area code | n-us-ny |
| 050 00 - LIBRARY OF CONGRESS CALL NUMBER | |
| Classification number | LB1131 |
| Item number | .C68 |
| 100 1# - MAIN ENTRY--PERSONAL NAME | |
| Personal name | Coxe, Warren W. |
| Fuller form of name | (Warren Winfred), |
| Dates associated with a name | 1886-1956. |
| 245 12 - TITLE STATEMENT | |
| Title | A study of pupil achievement and special class needs in Westbury, L.I., |
| Statement of responsibility, etc. | by Warren W. Coxe and Ethel L. Cornell. |
| 260 ## - PUBLICATION, DISTRIBUTION, ETC. | |
| Place of publication, distribution, etc. | Albany, |
| Name of publisher, distributor, etc. | The University of the State of New York Press, |
| Date of publication, distribution, etc. | 1926. |
| 300 ## - PHYSICAL DESCRIPTION | |
| Extent | 52 p. |
| Other physical details | incl. tables, diagrs. |
| Dimensions | 23 cm. |
| 490 0# - SERIES STATEMENT | |
| Series statement | University of the State of New York bulletin ... |
| Volume/sequential designation | no. 839. November 1, 1925 |
| 650 #0 - SUBJECT ADDED ENTRY--TOPICAL TERM | |
| Topical term or geographic name entry element | Educational tests and measurements. |
| 650 #0 - SUBJECT ADDED ENTRY--TOPICAL TERM | |
| Topical term or geographic name entry element | Schools |
| Geographic subdivision | New York (State) |
| -- | Westbury. |
| 650 #0 - SUBJECT ADDED ENTRY--TOPICAL TERM | |
| Topical term or geographic name entry element | Children with mental disabilities |
| General subdivision | Education |
| Geographic subdivision | New York (State) |
| 700 1# - ADDED ENTRY--PERSONAL NAME | |
| Personal name | Cornell, Ethel Letitia, |
| Dates associated with a name | 1892- |
| Relator term | joint author. |
No items available.